Tuyển tập tác phẩm văn học Nguyễn Đình Thi: Kịch

保存先:
書誌詳細
第一著者: Nguyễn Đình Thi
フォーマット: 図書
言語:Undetermined
出版事項: Hà Nội Văn Học 2001
主題:
タグ: タグ追加
タグなし, このレコードへの初めてのタグを付けませんか!
Thư viện lưu trữ: Trung tâm Học liệu Trường Đại học Cần Thơ
LEADER 00529nam a2200169Ia 4500
001 CTU_44244
008 210402s9999 xx 000 0 und d
082 |a 895.9222008 
082 |b Th300 
100 |a Nguyễn Đình Thi 
245 0 |a Tuyển tập tác phẩm văn học Nguyễn Đình Thi: Kịch 
245 0 |c Nguyễn Đình Thi 
260 |a Hà Nội 
260 |b Văn Học 
260 |c 2001 
650 |a vietnamese drama - collections 
980 |a Trung tâm Học liệu Trường Đại học Cần Thơ